| 000 | 00654nam a22001815i 4500 | ||
|---|---|---|---|
| 001 | 53453 | ||
| 003 | ES-MaACL | ||
| 005 | 20230906162753.0 | ||
| 007 | t| | ||
| 008 | 950929s1858 sp ||||1| spa d | ||
| 040 |
_aCAM _bspa _cCAM |
||
| 100 | 1 |
_aEstrella, Gabriel. _948250 |
|
| 245 | 1 | 0 |
_aDon Alfonso el Sabio _b: drama histórico en tres actos / _coriginal de Gabriel Estrella. |
| 260 |
_aMadrid : _b[s.n.], _c1858 ( _fImp. de la Revista de Caminos de Hierro) |
||
| 300 |
_a75 p. ; _c19 cm. |
||
| 500 | _aEn port.: Representada en el teatro del Circo el día 16 de octubre de 1858. | ||
| 852 |
_aES-MaACL _jG-9174(2) _q. - Encuadernado con otras obras |
||
| 999 |
_c53453 _d53453 |
||